[Event "ESP-chT Rapid"]
[Site "Ubeda"]
[Date "2023.09.23"]
[Round "1.1"]
[White "Chigaev, Maksim"]
[Black "Lopez Quevedo, Angel Carlos"]
[Result "1-0"]
[WhiteElo "2615"]
[BlackElo "2080"]
[PlyCount "81"]
[EventDate "2023.09.23"]
[EventType "team-swiss (rapid)"]
[EventRounds "9"]
[EventCountry "ESP"]
[SourceTitle "CBM 216 Extra"]
[Source "ChessBase"]
[SourceDate "2023.11.30"]
[SourceVersion "1"]
[SourceVersionDate "2023.11.30"]
[SourceQuality "1"]
[WhiteTeam "Costa Calida"]
[BlackTeam "Tomelloso"]
[WhiteTeamCountry "ESP"]
[BlackTeamCountry "ESP"]

1. Nf3 d6 2. e4 c5 3. Nc3 Nf6 4. e5 dxe5 5. Nxe5 a6 6. g3 Qc7 7. d4 cxd4 8. Qxd4 Nc6 9. Nxc6 Qxc6 10. Bg5 e6 11. 0-0-0 Be7 12. Bd3 Qc5 13. Qh4 h6 14. Ne4 Nxe4 15. Bxe7 Qxe7 16. Qxe4 Rb8 17. Qe5 Qg5+ 18. f4 Qxe5 19. fxe5 Bd7 20. Be4 Ke7 21. Rd6 Rhc8 22. Rhd1 Be8 23. Rb6 Rc5 24. Rxb7+ Rxb7 25. Bxb7 Rxe5 26. Bxa6 Bc6 27. b4 Re4 28. a3 g5 29. Bd3 Re5 30. c4 f5 31. Rf1 Kf6 32. Kd2 Be4 33. b5 Bb7 34. a4 Rc5 35. Kc3 h5 36. a5 h4 37. gxh4 g4 38. a6 Bxa6 39. Kb4 Re5 40. bxa6 Re3 41. a7 1-0

[Event "ESP-chT CECLUB Div2"]
[Site "Linares"]
[Date "2022.08.26"]
[Round "6.3"]
[White "Ponce Cano, Adrian"]
[Black "Lopez Quevedo, Angel Carlos"]
[Result "0-1"]
[WhiteElo "2208"]
[BlackElo "2096"]
[PlyCount "82"]
[EventDate "2022.08.22"]
[EventType "team-swiss"]
[EventRounds "7"]
[EventCountry "ESP"]
[SourceTitle "CBM 209 Extra"]
[Source "ChessBase"]
[SourceDate "2022.09.30"]
[SourceVersion "1"]
[SourceVersionDate "2022.09.30"]
[SourceQuality "1"]
[WhiteTeam "Agora Megaescacs"]
[BlackTeam "Tomelloso"]
[WhiteTeamCountry "ESP"]
[BlackTeamCountry "ESP"]

1. e4 c5 2. Nf3 d6 3. c3 Nf6 4. Be2 g6 5. 0-0 Bg7 6. Qc2 0-0 7. d4 cxd4 8. cxd4 Bg4 9. Nc3 Nc6 10. Be3 Nd7 11. Rfd1 Nb6 12. d5 Bxf3 13. Bxf3 Ne5 14. Be2 Rc8 15. Bd4 Bh6 16. g3 Ned7 17. f4 Bg7 18. Bxg7 Kxg7 19. Qd3 Kg8 20. b3 a5 21. Nb5 a4 22. Rac1 axb3 23. axb3 Rxc1 24. Rxc1 Nc5 25. Qe3 Nbd7 26. e5 Qb6 27. Kg2 Rd8 28. e6 fxe6 29. b4 Na6 30. Qxe6+ Kf8 31. Bf1 Nf6 32. Re1 Rd7 33. g4 Nc7 34. Nxc7 Rxc7 35. Ra1 Qd4 36. Ra8+ Kg7 37. Ra5 Qxf4 38. Be2 Qxb4 39. Rb5 Qf4 40. h4 Ne4 41. Kh1 Rc1+ 0-1

[Event "ESP-chT CECLUB Div2"]
[Site "Linares"]
[Date "2021.08.11"]
[Round "4.4"]
[White "Lopez Quevedo, Angel Carlos"]
[Black "Perdomo Araujo, Angel Eduardo"]
[Result "0-1"]
[WhiteElo "2096"]
[BlackElo "2025"]
[PlyCount "116"]
[EventDate "2021.08.09"]
[EventType "team-swiss"]
[EventRounds "7"]
[EventCountry "ESP"]
[SourceTitle "CBM 203 Extra"]
[Source "ChessBase"]
[SourceDate "2021.09.30"]
[SourceVersion "1"]
[SourceVersionDate "2021.09.30"]
[SourceQuality "1"]
[WhiteTeam "Tomelloso"]
[BlackTeam "Villalba 64 Miscasa"]
[WhiteTeamCountry "ESP"]
[BlackTeamCountry "ESP"]

1. d4 Nf6 2. c4 g6 3. Nc3 d5 4. cxd5 Nxd5 5. e4 Nxc3 6. bxc3 Bg7 7. Bc4 c5 8. Ne2 0-0 9. 0-0 Nc6 10. Be3 Na5 11. Bd3 b6 12. Rb1 cxd4 13. cxd4 e6 14. Qd2 Bb7 15. Bh6 Bxh6 16. Qxh6 Nc6 17. Qe3 Rc8 18. Rfd1 Qe7 19. Ng3 Nb4 20. a3 Nxd3 21. Rxd3 Rfd8 22. Rbd1 Rd7 23. Qf4 Rcd8 24. e5 Rf8 25. d5 Rxd5 26. Ne4 Rxd3 27. Rxd3 Bxe4 28. Qxe4 Rd8 29. Rxd8+ Qxd8 30. h4 Qd5 31. Qf4 h5 32. g3 b5 33. Qe3 a5 34. Qc3 a4 35. Qc7 Kg7 36. Kf1 Qd3+ 37. Kg2 Qxa3 38. Qd8 Qf8 39. Qf6+ Kg8 40. g4 a3 41. gxh5 gxh5 42. Kh2 a2 43. Qg5+ Qg7 44. Qd8+ Kh7 45. Qd3+ Qg6 46. Qa3 Qb1 47. Qa7 Kg7 48. Qe7 Qf5 49. Qa3 Qxe5+ 50. f4 Qxf4+ 51. Kh3 Qg4+ 52. Kh2 Qxh4+ 53. Kg2 Qg5+ 54. Kh3 Qf5+ 55. Kg2 Qe4+ 56. Kh3 Qh1+ 57. Kg3 Qe1+ 58. Kh3 a1Q 0-1

[Event "ESP-chT2 Gr2"]
[Site "Granada"]
[Date "2010.08.04"]
[Round "1"]
[White "Lopez Quevedo, Angel Carlos"]
[Black "Fernandez Garcia, Miguel Angel"]
[Result "0-1"]
[WhiteElo "2103"]
[BlackElo "2293"]
[PlyCount "115"]
[EventDate "2010.08.04"]
[EventType "team-tourn"]
[EventRounds "6"]
[EventCountry "ESP"]
[SourceTitle "CBM 137 Extra"]
[Source "ChessBase"]
[SourceDate "2010.09.01"]
[SourceVersion "1"]
[SourceVersionDate "2010.09.01"]
[SourceQuality "1"]

1. d4 Nf6 2. c4 e6 3. Nf3 Bb4+ 4. Bd2 a5 5. Qc2 d6 6. g3 Nbd7 7. Bg2 e5 8. 0-0 0-0 9. Be3 exd4 10. Bxd4 Re8 11. Nc3 Bc5 12. e3 Ba7 13. Rfd1 Nc5 14. h4 h6 15. Nd2 Bg4 16. Re1 c6 17. Nde4 Nfxe4 18. Nxe4 Bf5 19. Nf6+ Qxf6 20. Qc3 Qg6 21. Qxa5 Be4 22. Rad1 Bxg2 23. Kxg2 b6 24. Qd2 Ne4 25. Qd3 d5 26. cxd5 cxd5 27. Qb5 Rad8 28. Rc1 Re6 29. Qa6 Re7 30. Rc8 Rxc8 31. Qxc8+ Kh7 32. Rc1 Nc5 33. Qf8 Rc7 34. h5 Qg5 35. Qd6 Rc8 36. Bxc5 bxc5 37. Qd7 Ra8 38. Qxf7 Bb6 39. b4 c4 40. Rd1 Rd8 41. a4 Qe5 42. a5 Qe4+ 43. Kg1 Bxe3 44. Qg6+ Qxg6 45. hxg6+ Kxg6 46. fxe3 Kf5 47. Kf2 Ke5 48. Ke2 Rb8 49. Rb1 d4 50. exd4+ Kxd4 51. Kd2 Rf8 52. b5 Rf2+ 53. Ke1 Rh2 54. Rd1+ Ke3 55. Kf1 Rh1+ 56. Kg2 Rxd1 57. b6 Rb1 58. a6 0-1

[Event "LSS OP-2008-0-00581"]
[Site "LSS email"]
[Date "2008.07.22"]
[Round "?"]
[White "Lopez Quevedo, Angel Carlos"]
[Black "Moormann, Joerg"]
[Result "0-1"]
[WhiteElo "2050"]
[BlackElo "2319"]
[PlyCount "22"]
[EventDate "2008.07.20"]
[EventType "tourn (corr)"]
[EventRounds "4"]
[EventCountry "GER"]
[SourceTitle "Corr 2013"]
[Source "ChessBase"]
[SourceDate "2012.11.12"]
[SourceVersion "1"]
[SourceVersionDate "2012.11.12"]
[SourceQuality "1"]

1. d4 Nf6 2. c4 c5 3. d5 b5 4. Nf3 Bb7 5. Qc2 Na6 6. Nc3 Nb4 7. Qd1 bxc4 8. e4 e6 9. Bg5 exd5 10. e5 Be7 11. exf6 Bxf6 0-1

[Event "LSS OP-2008-0-00581"]
[Site "LSS email"]
[Date "2008.07.21"]
[Round "?"]
[White "Lopez Quevedo, Angel Carlos"]
[Black "Jovanovic, Bratislav"]
[Result "0-1"]
[WhiteElo "2050"]
[BlackElo "2140"]
[PlyCount "30"]
[EventDate "2008.07.20"]
[EventType "tourn (corr)"]
[EventRounds "4"]
[EventCountry "GER"]
[SourceTitle "Corr 2013"]
[Source "ChessBase"]
[SourceDate "2012.11.12"]
[SourceVersion "1"]
[SourceVersionDate "2012.11.12"]
[SourceQuality "1"]

1. d4 e6 2. c4 f5 3. g3 d5 4. Bg2 c6 5. Nh3 Nf6 6. Qc2 Bd6 7. 0-0 0-0 8. Bf4 b6 9. Nd2 Ne4 10. Rad1 Bb7 11. Nxe4 dxe4 12. f3 exf3 13. exf3 c5 14. Rf2 Qe7 15. d5 e5 0-1

[Event "LSS OP-2008-0-00581"]
[Site "LSS email"]
[Date "2008.07.21"]
[Round "?"]
[White "Wajnberg, Piotr"]
[Black "Lopez Quevedo, Angel Carlos"]
[Result "1-0"]
[WhiteElo "1925"]
[BlackElo "2050"]
[PlyCount "39"]
[EventDate "2008.07.20"]
[EventType "tourn (corr)"]
[EventRounds "4"]
[EventCountry "GER"]
[SourceTitle "Corr 2013"]
[Source "ChessBase"]
[SourceDate "2012.11.12"]
[SourceVersion "1"]
[SourceVersionDate "2012.11.12"]
[SourceQuality "1"]

1. d4 d5 2. c4 e6 3. Nc3 c6 4. e4 dxe4 5. Nxe4 Bb4+ 6. Bd2 Qxd4 7. Bxb4 Qxe4+ 8. Ne2 Na6 9. Bf8 Ne7 10. Bxg7 Nb4 11. Qd6 Nd3+ 12. Kd2 Nf5 13. Qxd3 Qxd3+ 14. Kxd3 Nxg7 15. Ng3 c5 16. Be2 Bd7 17. Bf3 0-0-0 18. Kc3 Kc7 19. b4 cxb4+ 20. Kxb4 1-0

[Event "LSS SH-2006-0-00054"]
[Site "LSS email"]
[Date "2006.06.06"]
[Round "?"]
[White "Martys, Mark"]
[Black "Lopez Quevedo, Angel Carlos"]
[Result "1-0"]
[WhiteElo "2290"]
[BlackElo "2050"]
[PlyCount "23"]
[EventDate "2006.05.20"]
[EventType "tourn (corr)"]
[EventRounds "10"]
[EventCountry "GER"]
[SourceTitle "Corr 2015"]
[Source "ChessBase"]
[SourceDate "2015.07.17"]
[SourceVersion "1"]
[SourceVersionDate "2015.07.17"]
[SourceQuality "1"]

1. e4 c5 2. Nf3 e6 3. d4 cxd4 4. Nxd4 Nf6 5. Be3 Nxe4 6. Bd3 Nc5 7. c4 Nxd3+ 8. Qxd3 Be7 9. 0-0 0-0 10. Nc3 Nc6 11. Rfd1 a6 12. c5 1-0

[Event "LSS SH-2006-0-00054"]
[Site "LSS email"]
[Date "2006.06.05"]
[Round "?"]
[White "Lopez Quevedo, Angel Carlos"]
[Black "Herbst, Bernd"]
[Result "0-1"]
[WhiteElo "2050"]
[BlackElo "2240"]
[PlyCount "26"]
[EventDate "2006.05.20"]
[EventType "tourn (corr)"]
[EventRounds "10"]
[EventCountry "GER"]
[SourceTitle "Corr 2015"]
[Source "ChessBase"]
[SourceDate "2015.07.17"]
[SourceVersion "1"]
[SourceVersionDate "2015.07.17"]
[SourceQuality "1"]

1. e4 e6 2. d4 d5 3. Nd2 c5 4. exd5 exd5 5. Ngf3 Nc6 6. Bb5 cxd4 7. Nxd4 Bd7 8. N2f3 Nf6 9. 0-0 Be7 10. Bxc6 bxc6 11. Ne5 Rc8 12. Nxd7 Qxd7 13. Re1 c5 0-1

[Event "LSS SH-2006-0-00054"]
[Site "LSS email"]
[Date "2006.06.05"]
[Round "?"]
[White "Lopez Quevedo, Angel Carlos"]
[Black "Schoenbuchner, Gerhard"]
[Result "0-1"]
[WhiteElo "2050"]
[BlackElo "918"]
[PlyCount "24"]
[EventDate "2006.05.20"]
[EventType "tourn (corr)"]
[EventRounds "10"]
[EventCountry "GER"]
[SourceTitle "Corr 2015"]
[Source "ChessBase"]
[SourceDate "2015.07.17"]
[SourceVersion "1"]
[SourceVersionDate "2015.07.17"]
[SourceQuality "1"]

1. e4 e5 2. Nf3 Nc6 3. Nc3 d6 4. d4 Bg4 5. Bb5 exd4 6. Qxd4 Bxf3 7. gxf3 Qd7 8. Qa4 a6 9. Be3 Nge7 10. Nd5 Qd8 11. 0-0-0 Nxd5 12. Bxc6+ bxc6 0-1

[Event "IECG RH.2006.0.00041 email"]
[Site "IECG email"]
[Date "2006.05.22"]
[Round "?"]
[White "Kireev, Sergey Ivanovich"]
[Black "Lopez Quevedo, Angel Carlos"]
[Result "1-0"]
[WhiteElo "2309"]
[BlackElo "2050"]
[PlyCount "49"]
[EventDate "2006.05.22"]
[EventType "tourn (corr)"]
[EventRounds "6"]
[SourceTitle "Corr 2008"]
[Source "ChessBase"]
[SourceDate "2008.06.24"]
[SourceVersion "1"]
[SourceVersionDate "2008.06.24"]
[SourceQuality "1"]

1. d4 f5 2. e4 fxe4 3. Nc3 Nf6 4. Bg5 Nc6 5. d5 Ne5 6. Qd4 Nf7 7. Nh3 g6 8. Nxe4 Bg7 9. 0-0-0 0-0 10. Nxf6+ exf6 11. Be3 Nd6 12. Bd3 b5 13. Rhe1 f5 14. Qc5 a5 15. Bg5 Bf6 16. Bxf6 Qxf6 17. Qxc7 b4 18. Qb6 Bb7 19. Nf4 Rfc8 20. Ne6 dxe6 21. Rxe6 Qg5+ 22. Kb1 Qxg2 23. Qxd6 Qxd5 24. Rxg6+ hxg6 25. Qxg6+ 1-0

[Event "IECG RH.2006.0.00041 email"]
[Site "IECG email"]
[Date "2006.05.22"]
[Round "?"]
[White "Lopez Quevedo, Angel Carlos"]
[Black "FeBland, Jonathan S"]
[Result "1/2-1/2"]
[WhiteElo "2050"]
[BlackElo "2217"]
[PlyCount "46"]
[EventDate "2006.05.22"]
[EventType "tourn (corr)"]
[EventRounds "6"]
[SourceTitle "Corr 2008"]
[Source "ChessBase"]
[SourceDate "2008.06.24"]
[SourceVersion "1"]
[SourceVersionDate "2008.06.24"]
[SourceQuality "1"]

1. e4 c5 2. Nf3 d6 3. d4 cxd4 4. Nxd4 Nf6 5. Nc3 a6 6. Be2 e5 7. Nb3 Be7 8. 0-0 0-0 9. Be3 Be6 10. Qd2 Nbd7 11. a4 Rc8 12. a5 Qc7 13. Rfd1 Qc6 14. Bf3 Rfe8 15. Qe1 h6 16. Nc1 Qc7 17. Nd3 d5 18. exd5 Bf5 19. Be2 e4 20. Nc1 Bb4 21. Nb3 Qe5 22. Qd2 Bd6 23. g3 Qe7 1/2-1/2

[Event "IECG RH.2006.0.00041 email"]
[Site "IECG email"]
[Date "2006.05.22"]
[Round "?"]
[White "Lopez Quevedo, Angel Carlos"]
[Black "Wisnet, Dominic"]
[Result "1-0"]
[WhiteElo "2050"]
[BlackElo "2025"]
[PlyCount "53"]
[EventDate "2006.05.22"]
[EventType "tourn (corr)"]
[EventRounds "6"]
[SourceTitle "Corr 2008"]
[Source "ChessBase"]
[SourceDate "2008.06.24"]
[SourceVersion "1"]
[SourceVersionDate "2008.06.24"]
[SourceQuality "1"]

1. e4 c5 2. Nf3 d6 3. d4 cxd4 4. Nxd4 Nf6 5. Nc3 a6 6. Be3 e6 7. g4 b5 8. g5 Nfd7 9. a3 Qc7 10. h4 Nc6 11. Rg1 Be7 12. h5 Nde5 13. f4 Nc4 14. Bxc4 bxc4 15. Nxc6 Qxc6 16. Qd4 Rg8 17. 0-0-0 Rb8 18. h6 g6 19. Qg7 Rf8 20. Ba7 Rb7 21. Bd4 f6 22. Qxh7 fxg5 23. Qxg6+ Kd8 24. fxg5 e5 25. Bxe5 Qb6 26. Nd5 Qb5 27. Nxe7 1-0

[Event "La Roda op 33rd"]
[Site "La Roda"]
[Date "2006.04.12"]
[Round "1.6"]
[White "Lazarev, Vladimir"]
[Black "Lopez Quevedo, Angel Carlos"]
[Result "1/2-1/2"]
[WhiteElo "2497"]
[BlackElo "2042"]
[PlyCount "96"]
[EventDate "2006.04.12"]
[EventType "swiss"]
[EventRounds "9"]
[EventCountry "ESP"]
[SourceTitle "CBM 111 Extra"]
[Source "ChessBase"]
[SourceDate "2006.05.09"]
[SourceVersion "1"]
[SourceVersionDate "2006.05.09"]
[SourceQuality "1"]

1. d4 f5 2. g3 Nf6 3. Bg2 g6 4. b4 Bg7 5. Bb2 d6 6. Nf3 0-0 7. 0-0 Kh8 8. c4 e5 9. dxe5 Nfd7 10. Qb3 Nxe5 11. Nbd2 Nbc6 12. b5 Nxf3+ 13. Nxf3 Ne5 14. Nxe5 Bxe5 15. Bxe5+ dxe5 16. Rad1 Qf6 17. Rd2 e4 18. f3 exf3 19. Bxf3 a6 20. a4 axb5 21. axb5 Ra1 22. Rxa1 Qxa1+ 23. Rd1 Qf6 24. c5 b6 25. cxb6 cxb6 26. Qe3 Kg7 27. Rc1 Bd7 28. Rc7 Rf7 29. Bc6 Bxc6 30. Rxc6 Re7 31. Qxb6 Qa1+ 32. Kf2 Qb2 33. Re6 Rxe6 34. Qxe6 Qxb5 35. Qe7+ Kg8 36. h4 Qb6+ 37. Kf3 Qd4 38. Qb7 Qg1 39. Qc8+ Kg7 40. Qc3+ Kf7 41. Qc7+ Kg8 42. Qd8+ Kg7 43. Qe7+ Kg8 44. Qe8+ Kg7 45. Qe5+ Kf7 46. Qc7+ Kg8 47. Qd8+ Kg7 48. Qe7+ Kg8 1/2-1/2

[Event "ESP-ch U16"]
[Site "Mondariz"]
[Date "2005.07.14"]
[Round "7"]
[White "Alarcia Astiz, Carlos"]
[Black "Lopez Quevedo, Angel Carlos"]
[Result "1-0"]
[WhiteElo "2091"]
[BlackElo "2046"]
[PlyCount "61"]
[EventDate "2005.07.11"]
[EventType "swiss"]
[EventRounds "8"]
[EventCountry "ESP"]
[SourceTitle "CBM 107 Extra"]
[Source "ChessBase"]
[SourceDate "2005.09.01"]
[SourceVersion "1"]
[SourceVersionDate "2005.09.01"]
[SourceQuality "1"]

1. e4 c5 2. Nf3 e6 3. d4 cxd4 4. Nxd4 Nf6 5. Nc3 Nc6 6. Be2 Bb4 7. 0-0 0-0 8. Bg5 Be7 9. Kh1 d5 10. exd5 Nxd5 11. Bxe7 Ndxe7 12. Nxc6 Nxc6 13. Bd3 e5 14. f4 Qh4 15. Qe2 Bg4 16. Qe4 Rad8 17. fxe5 Qh5 18. Rae1 Rde8 19. Qf4 Nxe5 20. Be4 Bc8 21. Qg3 Ng6 22. Nd5 f6 23. Bxg6 hxg6 24. Ne7+ Kh7 25. Re4 g5 26. Qd3 g6 27. Nxc8 Rxc8 28. g4 Qh4 29. Re7+ Kh6 30. Qd7 Rh8 31. Rxf6 1-0

[Event "ESP-ch U16"]
[Site "Mondariz"]
[Date "2005.07.13"]
[Round "4"]
[White "Larino Nieto, David"]
[Black "Lopez Quevedo, Angel Carlos"]
[Result "1/2-1/2"]
[WhiteElo "2350"]
[BlackElo "2046"]
[PlyCount "120"]
[EventDate "2005.07.11"]
[EventType "swiss"]
[EventRounds "8"]
[EventCountry "ESP"]
[SourceTitle "CBM 107 Extra"]
[Source "ChessBase"]
[SourceDate "2005.09.01"]
[SourceVersion "1"]
[SourceVersionDate "2005.09.01"]
[SourceQuality "1"]

1. e4 c5 2. Nc3 e6 3. g3 d6 4. Bg2 Nc6 5. f4 g6 6. Nf3 Bg7 7. d3 Nge7 8. Be3 b6 9. 0-0 0-0 10. d4 Bb7 11. Qd2 Rc8 12. Rad1 a6 13. Qf2 Qc7 14. dxc5 dxc5 15. e5 Nf5 16. Ne4 Nce7 17. Nd6 Nd5 18. Nxf5 exf5 19. Nd2 Nxe3 20. Qxe3 Bxg2 21. Kxg2 Qc6+ 22. Qf3 Qxf3+ 23. Kxf3 f6 24. Nc4 fxe5 25. fxe5 Rc6 26. Rd6 Rxd6 27. exd6 Rd8 28. Rd1 Kf7 29. Nxb6 Bxb2 30. Na4 Be5 31. d7 Ke7 32. Nxc5 Bd6 33. Rxd6 Kxd6 34. Nb7+ Kxd7 35. Nxd8 Kxd8 36. g4 Ke7 37. gxf5 gxf5 38. Kf4 Ke6 39. h4 a5 40. a4 Kf6 41. h5 Ke6 42. c4 Kf6 43. c5 Ke6 44. c6 Kd6 45. Kxf5 Kxc6 46. Kg5 Kd5 47. Kh6 Ke6 48. Kg7 Ke7 49. Kxh7 Kf7 50. h6 Kf8 51. Kg6 Kg8 52. Kf6 Kh7 53. Kg5 Kg8 54. Kf5 Kh7 55. Ke5 Kxh6 56. Kd5 Kg7 57. Kc5 Kf7 58. Kb6 Ke7 59. Kxa5 Kd7 60. Kb6 Kc8 1/2-1/2

[Event "ESP-ch U16"]
[Site "Mondariz"]
[Date "2005.07.12"]
[Round "3"]
[White "Lopez Quevedo, Angel Carlos"]
[Black "Robles Garcia, Claudia"]
[Result "1-0"]
[WhiteElo "2046"]
[BlackElo "2144"]
[PlyCount "71"]
[EventDate "2005.07.11"]
[EventType "swiss"]
[EventRounds "8"]
[EventCountry "ESP"]
[SourceTitle "CBM 107 Extra"]
[Source "ChessBase"]
[SourceDate "2005.09.01"]
[SourceVersion "1"]
[SourceVersionDate "2005.09.01"]
[SourceQuality "1"]

1. d4 Nf6 2. c4 c5 3. d5 e6 4. Nc3 exd5 5. cxd5 d6 6. e4 g6 7. Bd3 Bg7 8. Nf3 0-0 9. 0-0 a6 10. a4 Qe7 11. h3 Nbd7 12. Bf4 Nh5 13. Bh2 Ne5 14. Nxe5 Bxe5 15. f4 Bd4+ 16. Kh1 Qh4 17. Qf3 f5 18. e5 b6 19. Ne2 dxe5 20. fxe5 Bb7 21. Nf4 Nxf4 22. Bxf4 Rad8 23. Bg3 Qg5 24. Bc4 Kh8 25. Rad1 b5 26. axb5 axb5 27. Bb3 Bxb2 28. Bf4 Qh4 29. Qe2 Bd4 30. Rxd4 cxd4 31. e6 Rfe8 32. Qxb5 Ba8 33. Qd3 g5 34. Be5+ Kg8 35. Qxf5 Qh5 36. Qf6 1-0